=LDR 00000nam 2200000 4500 =001 INLIS000000000038372 =005 20130612144037 =008 ***********************************Ind** =035 ##$$0010-061300000038372 =041 ##$$a Ind =082 ##$$a 641.865 4 =090 ##$$a 641.865 4, Hea h =245 ##$$a Heathy easy yummy! Kebab lezat dan eksotis, Editor, Intarina Hardiman =260 ##$$a [sa] $b Jakarta =300 ##$$a 40 hlm, Ilus, 18 cm =650 ##$$a Kue (Kebab) =700 ##$$a Hardiman, Intarina =850 ##$$a NBPNMAT